|
|
|
|
| LEADER |
00000cam a2200000 a 4500 |
| 001 |
104840 |
| 005 |
20230308165307.0 |
| 008 |
006030|1993 ||||||||r|||||||||||spa|| |
| 020 |
|
|
|a 8448100816
|
| 040 |
|
|
|b spa
|
| 041 |
1 |
|
|a spa
|
| 082 |
0 |
|
|a 005.13
|
| 245 |
|
|
|a AutoCAD avanzado versión 12: incluye AME V.2, RENDER, ASE, aplicaciones ADS
|c Javier López Fernández, José Antonio Tajadura Zapirain
|h imp
|
| 264 |
|
|
|a Madrid
|b McGraw-Hill
|c 1993
|
| 300 |
|
|
|a 588 páginas:
|c 27.5 cm
|
| 650 |
1 |
|
|a Autocad
|9 37320
|
| 650 |
1 |
|
|a Version 12
|9 51542
|
| 650 |
1 |
|
|a Ame v.2
|9 51543
|
| 650 |
1 |
|
|a Render
|9 37190
|
| 650 |
1 |
|
|a Ase
|9 37192
|
| 650 |
1 |
|
|a Aplicaciones ads
|9 37191
|
| 700 |
1 |
|
|a López Fernández, Javier
|9 37321
|
| 700 |
1 |
|
|a Tajadura Zapirain, José Antonio
|9 37322
|
| 852 |
|
|
|a UC-CDJBV
|c ESTANTERIA CERRADA
|f Compra
|k mariana.quezada
|l 1
|m General
|p 20060307
|q 265
|r 2
|t 104840
|b 0
|d CDRC
|e CDRC
|g 005.13 ESTANTERIA CERRADA
|z 2006-60-30
|
| 942 |
|
|
|c BK
|
| 999 |
|
|
|c 28321
|d 28321
|